| 000 | 01118nab a22002417a 4500 | ||
|---|---|---|---|
| 999 |
_c6249 _d6249 |
||
| 003 | OSt | ||
| 005 | 20260127205202.0 | ||
| 008 | 190514b xxu||||| |||| 00| 0 spa d | ||
| 040 | _cPJ | ||
| 100 |
_96960 _aGranero, Sabrina |
||
| 245 | 1 | 0 |
_aViolencia de género : _bdebida diligencia reforzada y reparación integral / _cSabrina Granero. |
| 300 | _ap. 118-126 | ||
| 500 | _aCita: TR LALEY AR/DOC/2142/2025. | ||
| 505 | _aSumario: I. Introducción.— II. Antecedentes del caso.— III. La sentencia: un análisis desde el derecho de daños.— IV. Conclusión. | ||
| 505 | _tFallo comentado: TGestión Asociada, Nro. 2 Mendoza ~ 31/03/2025 ~ M. L. E. c. R. B. C. R. s/ daños derivados de violencia de género. | ||
| 650 | 0 |
_9967 _aDERECHO DE FAMILIA |
|
| 650 | 0 |
_94044 _aPERSPECTIVA DE GÉNERO |
|
| 650 | 0 |
_93053 _aVIOLENCIA DE GÉNERO |
|
| 650 | 0 |
_94077 _aREPARACION INTEGRAL |
|
| 650 | 0 |
_91057 _aJURISPRUDENCIA APLICABLE |
|
| 773 | 0 |
_02844 _93222 _dBuenos Aires : AbeledoPerrot, 1989- _tDerecho de familia. Revista Interdisciplinaria de doctrina y jurisprudencia. Octubre 2025-V. _z18511201 |
|
| 942 |
_2udc _cANA |
||